Príbeh jednej cesty

Bibliographic Details
Main Author: Lechan, Milan, 1943- (Author)
Format: Article
Language:Slovak
Subjects:

MARC

LEADER 00000nab a2200000 ar4500
001 vtls009521564
003 SK-MaSNL
005 20260303060801.0
008 090604c2009 xo |r|p|||||||000 b|slo
015 |a SNBRB2009/06  |2 snkbucl 
038 |a SNKBUCL 
040 |a SNKBUCL  |b slo  |c SNKBUCL  |e AACR2 
041 0 |a slo 
044 |a xo  |c SK 
080 |a 82.09:821.162.4-32  |x (048)  |2 2001 
080 |a 821.162.4-32  |x (048)  |2 2001 
100 1 |a Lechan, Milan,  |d 1943-  |4 aut  |9 114277 
245 1 0 |a Príbeh jednej cesty  |c Milan Lechan 
650 0 7 |a slovenské novely  |x recenzie  |2 snkbucl  |9 983403 
650 0 7 |a spoločenské novely  |x recenzie  |2 snkbucl  |9 1035866 
655 7 |a recenzie  |2 snkbucl  |9 21907 
773 0 |t Knižná revue  |g Roč. XIX, č. 9 (2009), s. 5  |x 1210-1982 
787 0 8 |i Rec.:  |a Hrubý, Ladislav, 1957-  |t Hostia z hraničného mesta  |d Žilina : Knižné centrum, 2009  |z 9788080643355 
852 |a SNK  |b KIS3GCP 
958 |a LX 
958 |a SK 
958 |a RC 
999 |c 1732913  |d 1734843